Televised legislatures : political information technology and public choice /

Bibliographic Details
Main Author: Crain, W. Mark, (William Mark), 1951-
Other Authors: Goff, Brian L.
Format: Book
Language:English
Published: Boston : Kluwer Academic Publishers, [1988]
Subjects:

MARC

Tag First Indicator Second Indicator Subfields
LEADER 00000cam a2200000 a 4500
001 in00000025782
005 20151007054455.0
008 871127s1988 maua b 00110 eng
010 |a  87035559  
020 |a 0898382629 (U.S.) 
035 |a (OCoLC)17300143 
035 |9 AAB5164AM 
040 |a DLC  |c DLC  |d TXA  |d UtOrBLW 
043 |a n-us--- 
049 |a TXAM  |c [A11503898] 
050 0 0 |a JK1129  |b .C73 1988 
082 0 |a 328.73  |2 19 
100 1 |a Crain, W. Mark,  |q (William Mark),  |d 1951- 
245 1 0 |a Televised legislatures :  |b political information technology and public choice /  |c W. Mark Crain, Brian L. Goff. 
264 1 |a Boston :  |b Kluwer Academic Publishers,  |c [1988] 
264 4 |c ©1988 
300 |a xii, 122 pages :  |b 1 illustration ;  |c 24 cm. 
336 |a text  |b txt  |2 rdacontent 
337 |a unmediated  |b n  |2 rdamedia 
338 |a volume  |b nc  |2 rdacarrier 
504 |a Bibliography: pages [113]-118. 
500 |a Includes index. 
536 |a Dr. Paul P. Van Riper Collection, Department of Political Science. 
610 1 0 |a United States.  |b Congress  |x Television broadcasting of proceedings. 
650 0 |a Legislative bodies  |z United States  |x States  |x Television broadcasting of proceedings. 
650 0 |a Voting  |z United States. 
650 0 |a Social choice. 
700 1 |a Goff, Brian L. 
999 |a MARS 
999 f f |s c6e3b2b3-5f9d-35df-8bce-55f6b3b899a3  |i 1804cf77-6e37-367f-ad10-5e99eed80489  |t 0 
952 f f |p ric  |a Texas A&M University  |b Rellis Campus  |c Joint Library Facility  |d Remote Storage  |t 0  |e JK1129 .C73 1988  |h Library of Congress classification  |i unmediated -- volume  |m A14811503898 
998 f f |a JK1129 .C73 1988  |t 0  |l Remote Storage